Wrogowie Batmana - Statystyki

Ogólne statystyki
  • Ten quiz został rozwiązany 450 razy
  • Średni wynik to 18 z 40
Statystyki odpowiedzi
Podpowiedź Złoczyńca % Poprawnych
Główny wróg, przypomina klauna Joker
100%
Złodziejka w stroju kota, obecnie antybohaterka Kobieta-Kot
93%
Antagonista używający parasolki jako broni Pingwin
87%
Złamał kręgosłup Batmanowi Bane
82%
Złoczyńca, używa gazu wywołującego strach Strach na Wróble
81%
Dosłownie: "Człowiek o dwóch twarzach" Two-Face
80%
Złoczyńca zostawiający zagadki Riddler
79%
Kobieta, genialna biolog Trujący Bluszcz
78%
Pomocnica głównego wroga Batmana, zakochana w nim Harley Quinn
67%
Antagonista przypominający krokodyla Killer Croc
67%
Snajper, członek Legionu Samobójców Deadshot
62%
Były Robin, wskrzeszony, po czym przemieniony emocjonalnie Red Hood
61%
Naukowiec specjalizujący się w kriogenice Mr. Freeze
60%
Piroman, tworzący bronie związane z ogniem Firefly
55%
Demon, technicznie nieśmiertelny Ra's Al Ghul
55%
Postać zafiksowana na "Alicji w Krainie Czarów" Szalony Kapelusznik
54%
Główny wróg Młodych Tytanów Deathstroke
52%
Dosłownie przeciwieństwo Batmana Man-Bat
49%
Aktor, który popadł w obłęd Clayface
48%
Węgier, wycina na sobie znak za każdą ofiarę Mr. Zsasz
46%
Czasami wróg, czasami kochanka Batmana Talia Al Ghul
42%
Złoczyńca wzorowany na ćmach Killer Moth
37%
Antagonista, popełnia straszne czyny w szczególne święta Człowiek-Kalendarz
36%
Były przyjaciel Batmana, przemieniony we wroga Hush
36%
Schizofrenik, nosi maskę w kształcie świnii Profesor Pyg
35%
Jedna z pierwszych osób, które dowiedziały się, że Bruce Wayne to Batman Hugo Strange
34%
Popełnia przestępstwa za pomocą lalki Brzuchomówca / Brzuchomówca i Scarface
31%
Nastolatek szerzący anarchię Anarky
28%
Chciwiec, który zabił rodzinę w pożarze, żeby zyskać pieniądze Czarna Maska
26%
Zła wersja Batmana z Ziemii-2 Owlman
26%
Potrafi kontrolować szczury w ramach mocy Ratcatcher
25%
Wzorowany na wierszyku Solomon Grundy
20%
Człowiek, który zabił rodziców Batmana Joe Chill
19%
Były członek KGB KGBeast
17%
Szef gothamskiej mafii Carmine Falcone
15%
Nieszczęsny przestępca, żądny zemsty za swoją niepełnosprawną siostrę Clock King
9%
Nauczyciel historii, który popadł w obłęd Maximilian "Maxie" Zeus
9%
Inteligentny złoczyńca, potrafi przewidzieć ruchy wrogów Calculator
7%
Naukowiec o wyglądzie płonącego jasnozielonym płomieniem szkieleta Dr. Phosphorus
7%
Kuzyni, przypominający siebie tak bardzo, że inni nazywają ich bliźniakami Tweedledum i Tweedledee
5%
Nie znaleziono quizów pasujących do podanych kryteriów
Rozkład punktacji
Procent ludzi z każdym wynikiem
Percentyl według liczby udzielonych odpowiedzi
Twoja historia wyników
Nie rozwiązałeś tego quizu